000 00731cam a22001935a 4500
001 L155945
008 120423s1859 xxk f 000 0 eng d
035 _a(Sirsi) u155945
041 0 _aeng
100 1 _aBaker, Thomas
_dd. 1871
245 0 0 _aElementary treatise on land and engineering surveying
_bwith all the modern improvements
_carranged for the use of schools and private students, also for practical land surveyors and engineers ... by T. Baker
260 _aLondon
_bJ. Weale
_c1859
300 _aviii, 224p.
_bill
_c18cm.
490 0 _aWeale's rudimentary series
583 _aCondition reviewed
_c20120620
_lcondition level 4
651 4 _aGreat Britain
_y1707-
690 _aConstruction management
_96230
942 _n0
999 _c113933
_d113933